| Tag |
First Indicator |
Second Indicator |
Subfields |
| LEADER |
00000cam a2200000 i 4500 |
| 001 |
in00000013015 |
| 005 |
20151007052315.0 |
| 008 |
810502s1903 nyua 00010 eng |
| 010 |
|
|
|a 03016043
|
| 035 |
|
|
|a (OCoLC)07384973
|
| 035 |
|
|
|9 AAA7221AM
|
| 040 |
|
|
|a DLC
|c KSU
|d TXA
|d UtOrBLW
|
| 049 |
|
|
|a TXAM
|c [A11040612]
|
| 050 |
0 |
0 |
|a GV811
|b .K465
|
| 100 |
1 |
|
|a Kenealy, A. J.
|q (Ahmed John),
|d 1854-
|
| 245 |
1 |
0 |
|a Boat sailing in fair weather and foul /
|c by Captain A. J. Kenealy.
|
| 250 |
|
|
|a [6th ed. rev.].
|
| 264 |
|
1 |
|a New York :
|b Outing Pub. Co.,
|c 1903.
|
| 300 |
|
|
|a 252 pages :
|b illustrations ;
|c 18 x 10 cm.
|
| 336 |
|
|
|a text
|b txt
|2 rdacontent
|
| 337 |
|
|
|a unmediated
|b n
|2 rdamedia
|
| 338 |
|
|
|a volume
|b nc
|2 rdacarrier
|
| 490 |
1 |
|
|a Outing library of sport
|
| 650 |
|
0 |
|a Sailing.
|
| 830 |
|
0 |
|a Outing library of sport.
|
| 999 |
|
|
|a MARS
|
| 999 |
f |
f |
|s 62d18e39-1448-3bff-867e-46e1b6e1c5c0
|i 39f1d58b-2c14-3767-9769-c9a888c547f1
|t 0
|
| 952 |
f |
f |
|p ric
|a Texas A&M University
|b Rellis Campus
|c Joint Library Facility
|d Remote Storage
|t 0
|e GV811 .K465
|h Library of Congress classification
|i unmediated -- volume
|m A14811040612
|
| 998 |
f |
f |
|a GV811 .K465
|t 0
|l Remote Storage
|